000 00608nam a2200205 i 4500
001 43831
003 ES-MaACL
005 20230906160902.0
007 t|
008 030318s1908 fr ||||1| fre d
100 1 _aCausse, H.
_937121
245 1 0 _aPrécis de matière médicale /
_cpar H. Causse ; révisé et complété par B. Moreau.
260 _aParis :
_bOctave Doin,
_c1908 (
_fTaffin-Lefort)
300 _aIV, 775 p. :
_bil. ;
_c18 cm.
490 1 _aCollection Testut
700 1 _aMoreau, B.
_983201
830 0 _aCollection Testut
_9181022
852 _aES-MaACL
_jF-2594
999 _c43831
_d43831